| 000 | 00341nam a2200121Ia 4500 | ||
|---|---|---|---|
| 005 | 20251222144907.0 | ||
| 008 | 251222s9999||||xx |||||||||||||| ||spa|| | ||
| 082 | _a278.385/H41T | ||
| 100 | _aHeras, Julián | ||
| 245 | 0 | _aTres Siglos de Presencia Franciscana en el Departamento de Ancash | |
| 264 | _bConvento de los Descalzos | ||
| 942 | _cLIB | ||
| 999 |
_c22199 _d22199 |
||